00305cam a2200133ua 45000010005000000080039000050400009000440410012000530820015000651000020000802450018001002600045001183000008001636494060101n1978 II |||gr||||Z||||||hin aMAIN aEnglish a891.43 JAI aJAIN , RAJMAL . aVIRAM CHINHA  aNEW DELHIbOXFORD UNIVERSITY PRESSc1978 a92.